The right to the city : social justice and the fight for public space
Αποθηκεύτηκε σε:
| Κύριος συγγραφέας: | |
|---|---|
| Μορφή: | Βιβλίο |
| Γλώσσα: | English |
| Δημοσίευση: |
New York :
Guilford Press,
2003
|
| Θέματα: | |
| Ετικέτες: |
Προσθήκη ετικέτας
Δεν υπάρχουν, Καταχωρήστε ετικέτα πρώτοι!
|
MARC
| LEADER | 00000nam a2200000 i 4500 | ||
|---|---|---|---|
| 001 | 1/78545 | ||
| 008 | 080324s2003 eng d | ||
| 020 | |a 1-57230-847-8 | ||
| 035 | |l 10095754 | ||
| 040 | |a GR-MY-UA |b gre |e aacr | ||
| 041 | 0 | |a eng | |
| 082 | 0 | |a 307.760973 |2 (22) | |
| 100 | 1 | |a Mitchell, Don |d 1961- | |
| 245 | 1 | 4 | |a The right to the city : |b social justice and the fight for public space / |c Don Mitchell |
| 260 | |a New York : |b Guilford Press, |c 2003 | ||
| 300 | |a viii, 270 σ.; |b εικ.; |c 23 εκ. | ||
| 504 | |a Βιβλιογραφία: σ. 239-262 | ||
| 504 | |a Ευρετήριο: σ. 263-270 | ||
| 650 | 0 | 0 | |a Public spaces |z United States. |
| 650 | 0 | 0 | |a Social justice |z United States. |
| 650 | 0 | 0 | |a Protest movements |z United States. |
| 650 | 0 | 0 | |a Homeless persons |x Civil rights |z United States. |
| 650 | 0 | 0 | |a Urban geography |z United States. |
| 852 | |a INST |b LESVOS |e 20080324 |h 307.760973 MIT |p 005100039428 |q 005100039428 |t BK |y 0 | ||
| 901 | |a BIBL1-2008-1 | ||
| 909 | |a Λ |b 143178 | ||
| 922 | |a 1ΕΛΗ |b 200712 |c ΕΠΕΑΕΚ2/ΤΚΑ |d ΠΑΠΑΣΩΤΗΡΙΟΥ | ||
| 970 | |a ΚΑΡΑ |b ΓΙΑΣΕΜΗ |z 2008/03/24 | ||